| 000 | 00791nam a22002177a 4500 | ||
|---|---|---|---|
| 999 |
_c3580 _d3580 |
||
| 003 | AR-CdUCM | ||
| 008 | 190306b ||||| |||| 00| 0 spa d | ||
| 040 |
_aMUNICIPALIDAD PROVINCIAL DEL CUSCO _cBIBLIOTECA MUNICIPAL DEL CUSCO |
||
| 082 |
_a374 / _bC83 |
||
| 100 |
_aCosio, Jose Gabriel _911720 |
||
| 245 |
_aCastellano : _bHistoria de la literatura / |
||
| 260 |
_aLima : _bLinotipia, _c1942. |
||
| 300 |
_a146 paginas. _c20 cm. |
||
| 505 | _aSiglo XIII, Gonzalo de berceo -- Siglo XIV. Juan Ruiz y otros -- edad de oro -- Poesía lírica ... | ||
| 650 |
_aÉpoca literaria medieval _911721 |
||
| 650 |
_aPoesía lírica _911722 |
||
| 650 |
_aProsa expositiva _911723 |
||
| 710 |
_aDesarrollo cabal I estricto del programa oficial de 1942 _911724 |
||
| 942 |
_2ddc _cLIBROS |
||
| 945 | _aacv | ||